书目信息 |
| 题名: |
体育舞蹈
|
|
| 作者: | 寿文华 , 魏纯镭 , 荣丽 主编 | |
| 分册: | ||
| 出版信息: | 北京 北京体育大学出版社 2007 |
|
| 页数: | 152页 | |
| 开本: | 23cm | |
| 丛书名: | ||
| 单 册: | ||
| 中图分类: | J732.8 | |
| 科图分类: | ||
| 主题词: | 交际舞--高等学校--教材 , 交际舞 | |
| 电子资源: | ||
| ISBN: | 978-7-81100-697-1 | |
| 000 | 00942nam0 2200289 450 | |
| 001 | 070730000801 | |
| 005 | 20071015153441.07 | |
| 010 | @a978-7-81100-697-1@dCNY25.00 | |
| 035 | @a003373583 | |
| 100 | @a20070116d2007 em y0chiy0110 ea | |
| 101 | 0 | @achi |
| 102 | @aCN@b110000 | |
| 105 | @aa z 000yy | |
| 200 | 1 | @a体育舞蹈@Ati yu wu dao@f寿文华, 魏纯镭,荣丽主编 |
| 210 | @a北京@c北京体育大学出版社@d2007 | |
| 215 | @a152页@c图@d23cm@e1光盘 | |
| 300 | @a普通高校体育选项课教材 | |
| 307 | @a附光盘:ISBN 7-88722-255-9 ISRC CN-M24-06-0028-0 | |
| 330 | @a本书从体育舞蹈的基本知识、基本技术、基本技能介绍入手,对摩登舞中的华尔兹、探戈和快步及伦巴、恰恰和伽依夫作了详细的介绍。 | |
| 606 | 0 | @a交际舞@x高等学校@j教材 |
| 606 | 0 | @a交际舞 |
| 690 | @aJ732.8@v4 | |
| 701 | 0 | @a寿文华@Ashou wen hua@4主编 |
| 701 | 0 | @a魏纯镭@Awei chun lei@4主编 |
| 701 | 0 | @a荣丽@Arong li@4主编 |
| 801 | 0 | @aCN@c20071015 |
| 905 | @dJ732.8@eS623 | |
| 体育舞蹈/寿文华, 魏纯镭,荣丽主编.-北京:北京体育大学出版社,2007 |
| 152页:图;23cm+1光盘 |
| 普通高校体育选项课教材 |
| ISBN 978-7-81100-697-1:CNY25.00 |
| 本书从体育舞蹈的基本知识、基本技术、基本技能介绍入手,对摩登舞中的华尔兹、探戈和快步及伦巴、恰恰和伽依夫作了详细的介绍。 |
| ● |
| 相关链接 |
|
|
|
正题名:体育舞蹈
索取号:J732.8/S623
 
预约/预借
| 序号 | 登录号 | 条形码 | 馆藏地/架位号 | 状态 | 备注 |
| 1 | 651912 | 206519123 | 社科库309/309社科库 52排6列5层/ [索取号:J732.8/S623] | 在馆 | |
| 2 | 651913 | 206519132 | 社科库309/309社科库 95排2列2层/ [索取号:J732.8/S623] | 在馆 | |
| 3 | 651914 | 206519141 | 社科库309/309社科库 95排2列2层/ [索取号:J732.8/S623] | 在馆 |